000 03274nab a2200373 i 4500
003 BR-BrBNA
005 20250627165348.0
008 250627b2023 bl.mr|pooa||| 00| 0 eng |
040 _aBR-BrBNA
_beng
072 _aF06
_b1112
072 _aF61
072 _aP34
100 _aRodrigues, Ana J. O.
100 _aSilva, Christiana de F. B. da
100 _aSousa, Alan B. O. de
100 _aBezerra, Marlos A.
100 _aAraújo, Beatriz de A.
100 _aRodrigues, Amadeus M. G.
100 _aVieira, Júlia Q.
100 _aSousa, Jhenifer S. de
245 _aAcclimatization of banana plantlets inoculated with Bacillus sp. and irrigated with low-salinity water
500 _aPublicação on-line; 30 ref.; 2 illus; 5 tables; Sumaries (En, Pt)
520 _a ABSTRACT: Plant growth-promoting bacteria emerge as an alternative to attenuate abiotic stresses in plants such as salinity. The objective of this study was to evaluate the effects of Bacillus sp. strains 186 and 109 on the acclimatization of banana cv. ‘Prata Catarina’ irrigated with saline water. The experiment was conducted in a completely randomized design in a 4 × 2 factorial scheme, with 4 growth-promotion treatments, subjected to 2 levels of electrical conductivity of irrigation water. Irrigation with saline water decreased the number of leaves, leaf area, transpiration rate, stomatal conductance, and CO2 assimilation rate in banana leaves, regardless of inoculation with bacterial strains. The use of Bacillus sp. strain 109 promoted increments in phosphorus and iron contents in banana plants irrigated with low-salinity water. Key words: growth-promoting bacteria, nutrition, photosynthetic rate
520 _a RESUMO: Bactérias promotoras de crescimento vegetal surgem como alternativa para atenuar estresses abióticos em plantas como a salinidade. O objetivo deste estudo foi avaliar os efeitos do Bacillus sp. cepas 186 e 109 na aclimatização da cv. ‘Prata Catarina’ irrigada com água salina. O experimento foi conduzido em delineamento inteiramente casualizado em esquema fatorial 4 × 2, com 4 tratamentos promotores de crescimento, submetidos a 2 níveis de condutividade elétrica da água de irrigação. Irrigação com água salina diminuiu o número de folhas, a área foliar, a taxa de transpiração, a condutância estomática e a taxa de assimilação de CO2 nas folhas de bananeira, independentemente da inoculação com cepas bacterianas. O uso de Bacillus sp. cepa 109 promoveu incrementos nos teores de fósforo e ferro em bananeiras irrigadas com água de baixa salinidade. Palavras-chave: bactérias promotoras do crescimento, nutrição, taxa fotossintética
650 _aBANANA
650 _aINOCULAÇÃO
650 _aNUTRIÇÃO VEGETAL
650 _aIRRIGAÇÃO
650 _aÁGUA SALINA
773 0 _03534
_9317833
_dCampina Grande-PB Universidade Federal de Campina Grande. Centro de Ciências e Tecnologia 1997
_o2024-4552
_tRevista Brasileira de Engenharia Agrícola e Ambiental (Brazil)
_x1415-4366
_gv. 27 (5) p. 407-414; (2023)
_wBR2025003379
856 _uhttps://www.scielo.br/j/rbeaa/a/HFYQfHkK6mWBNNqGsb8G5ts/?format=pdf&lang=en
942 _cANA
999 _c332282
_d332282